MDQL
is popping MORE tags! Check the
thread
!
Quizzes
Events
Quiz Creation
Community
Videos
Private Events
Remove Ads
Sign In
Join for FREE
Feedback
Dark Mode
Quiz Categories
Sports
Geography
Music
Movies
Television
Just For Fun
Miscellaneous
History
Literature
Language
Science
Gaming
Entertainment
Religion
Holiday
For Kids
Quiz Lab
Recent
Popular Today
Quiz Kudos Today
Editor Picks
Curator Picks
Quizzes by...
Day
Popularity
Type
Ratings
Length
Year
Community
Subscriptions
Recent Discussions
Orange Saloon
Badges
Playlists
Quests
Create
Leaderboards
Showdown
Live 5
Trivia Bingo
Activity
Puzzle Library
Sporcle Events
Private Events
Virtual Trivia
Globe League
Become a Host
Pub Owners
SporcleCon
Opinionation
Our Games
Videos
Blog
Mobile Apps
Partnerships
Remove Ads and Go Orange
Feedback
Literature
Harry Potter
A Song of Ice and Fire
The Hunger Games
Literary Character
Shakespeare
Book
Author
Novel
Poem
Young Adult
Children's Books
Play
Lord of the Rings
Literature
Harry Potter
A Song of Ice and Fire
The Hunger Games
Literary Character
Shakespeare
Book
Author
Novel
Poem
Young Adult
Children's Books
Play
Lord of the Rings
Random Quiz
Search Sporcle
×
Editor Pick
Editor Pick
Literature
Poem
Type in answers that appear in a list
Type in answers that appear in a list
Classic
Best Score? Go Orange.
Patch the Mending Wall Stats
Can you name the Mending Wall?
By
zachcjohn
5m
45 Questions
495 Plays
495 Plays
495 Plays
Comments
Comments
Give Quiz Kudos
Give Quiz Kudos
-
- Ratings
hide this ad
Replay
Link that replays current quiz
Next Quiz
Link to next quiz in quiz playlist
You Got
0%
They Got
Avg Score
32%
Avg Friend Score
Upgrade to see
Score Distribution
Jump to the score distribution portion of the page
Score
0/45
Timer
05:00
0
Plays Today
Line
Missing Word
% Correct
I let my _
_
_
_
_
_
_
_
know beyond the hill;
neighbor
56.6%
We keep the wall between us as we _
_
.
go
54.1%
And set the _
_
_
_
between us once again.
wall
53.7%
He says again, 'Good fences make good _
_
_
_
_
_
_
_
_
.'
neighbors
53.5%
He only says, 'Good _
_
_
_
_
_
make good neighbors'.
fences
50.9%
_
_
_
_
_
_
_
_
there is that doesn't love a wall,
Something
50.3%
He is all pine and I am _
_
_
_
_
orchard.
apple
48.3%
What I was walling _
_
or walling out,
in
47.1%
'Why do they make _
_
_
_
neighbors? Isn't it
good
46.9%
If I could put a notion in his _
_
_
_
:
head
46.3%
Something there is that doesn't _
_
_
_
a wall,
love
44.8%
That sends the frozen-
ground-
swell _
_
_
_
it,
under
44%
'Stay where you are until our _
_
_
_
_
are turned!'
backs
42.8%
My apple _
_
_
_
_
will never get across
trees
40.2%
Where they have left not one _
_
_
_
on a stone,
stone
38.4%
And eat the cones under his _
_
_
_
_
, I tell him.
pines
36.6%
No one has seen them made or _
_
_
_
_
them made,
heard
35.6%
To please the yelping _
_
_
_
. The gaps I mean,
dogs
34.5%
And makes _
_
_
_
even two can pass abreast.
gaps
33.7%
And on a day we meet to walk the _
_
_
_
line
32.3%
That wants it down. I could say '_
_
_
_
_
' to him,
Elves
31.9%
Before I _
_
_
_
_
a wall I'd ask to know
built
31.1%
To each the boulders that have _
_
_
_
_
_
to each.
fallen
30.9%
Line
Missing Word
% Correct
We wear our _
_
_
_
_
_
_
rough with handling them.
fingers
29.3%
But at _
_
_
_
_
_
mending-
time we find them there.
spring
27.7%
There where it is we do not _
_
_
_
the wall:
need
26.3%
He will not go behind his _
_
_
_
_
_
's saying,
father
26.1%
He said it for _
_
_
_
_
_
_
. I see him there
himself
25.3%
The work of _
_
_
_
_
_
_
is another thing:
hunters
24%
Oh, just another kind of out-
door _
_
_
_
,
game
24%
But it's not elves exactly, and _
_
_
rather
I'd
24%
And he likes having _
_
_
_
_
_
_
of it so well
thought
24%
But they would have the _
_
_
_
_
_
out of hiding,
rabbit
23.4%
Where there are _
_
_
_
?' But here there are no _
_
_
_
.
cows
23.4%
And to whom I was like to give _
_
_
_
_
_
_
.
offence
23.2%
One on a side. It comes to _
_
_
_
_
_
more:
little
23%
And spills the upper boulders in the _
_
_
_
,
sun
22.8%
I have come after them and made _
_
_
_
_
_
repair
22.6%
We have to use a _
_
_
_
_
to make them balance:
spell
20.8%
And some are loaves and some so nearly _
_
_
_
_
balls
19.8%
Bringing a stone grasped firmly by the _
_
_
top
18.4%
Spring is the _
_
_
_
_
_
_
_
in me, and I wonder
mischief
18.2%
In each hand, like an old-
stone _
_
_
_
_
_
armed.
savage
14.7%
He moves in _
_
_
_
_
_
_
_
as it seems to me~
darkness
14.3%
Not of woods only and the _
_
_
_
_
of trees.
shade
14.3%
Quiz Playlist
Details
Report
Send in Message
Add To Playlist
Classic:
Type in answers that appear in a list
Last Updated: Feb 16, 2017
Editor Pick in
Literature
Curator Pick in
Poem
Quiz Scoreboard
CHALLENGE
Sign Up to Join the Scoreboard
Show All
Scores
Hide
Comments
May contain spoilers
Recently Published
5x2 Blitz: Bands
by SL_Kpop136
Music
30s
Colored Red Africa Blitz
by spor1
Geography
30s
Find the 'City' Movie
by crazypaving
Movies
60s
More to Explore
Quiz From the Vault
Featured Blog Post
14 Easter Pick-up Lines to Find Eggs With
hide this ad
You Might Also Like...
Tags
Poem Quiz
patch
Wall
Today's Top Quizzes in Literature
Browse Literature
hide this ad
Today's Top Quizzes in Poem
Browse Poem
Top Contributed Quizzes in Literature
1
Sneaky Slytherin Logic Puzzle
2
Harry Potter Slytherin Logic Puzzle
3
Get The Picture: Black or White Literature
4
Logic Puzzle: Avoid Dumbledore's Army
5
Mini Trivia Sudoku: A Song of Ice and Fire
6
A Song of Ice and Fire Logic Puzzle
7
One Thing in Common: Literature II
8
Books By Opening Lines IV
9
The Hunger Games Logic Puzzle: Find Katniss
10
Silmarillion Characters by Any 3 Letters
Explore More
Trending Topics
Disney
Crossword
Anime
NBA
Harry Potter
Kpop
Marvel
Song
Pokémon
Puzzle
Country
Soccer
The Office
NFL
WWE
hide this ad
More By:
zachcjohn
Quiz
Plays
Rating
Category
Featured
Created
Milton or Shakespeare?
9,340
4.46
Literature
Aug 6, 2012
Patch the Mending Wall
495
4.64
Literature
Aug 3, 2012
American Author by State
34
4.00
Literature
Aug 16, 2012
Go to Creator's Profile
Score Distribution
Quiz Creator Spotlight
zachcjohn
Follow
Send a Message
Quizzes Created
-
Created Quiz Play Count
-
More By This Creator
Popular Quizzes Today
1
Colored Red Africa Blitz
2
Find the 'City' Movie
3
Find the US States - No Outlines Minefield
4
5x2 Blitz: Bands
5
The Countries of the World
6
Find the US States
7
Find the Countries of Europe - No Outlines Minefield
8
US States
More Literature Quizzes
Commonest Words in Pride and Prejudice
Published
Trending Quizzes
Colored Red Europe Blitz I
Colored Red Europe Blitz II
Colored Red Africa Blitz II
Colored Red Europe Blitz III
Colored Red Africa Blitz III
Recently Updated
How Do You Spell That?
pecheneg
Godzilla Movies
pecheneg
Grab Bag: 4-10 Letters
pecheneg
2024 March Madness Bracket
pecheneg
Famous TV Couples
Peacemaker
Champions League XIs: Real Madrid
pecheneg
Largest US Cities 1790-2010
pecheneg
Rides in Walt Disney World
pecheneg
Most Oscar Losses (Acting)
pecheneg
Beyoncé Albums
pecheneg
Trending Topics
Crossword
NBA
Marvel
Kpop
Anime
Harry Potter
Disney
NFL
Soccer
The Office
WWE
Country
Puzzle
Pokémon
Song
Your Account Isn't Verified!
In order to create a playlist on Sporcle, you need to verify the email address you used during registration. Go to your
Sporcle Settings
to finish the process.
Report this User
Report this user for behavior that violates our
Community Guidelines
.
Details:
Send Report
Go to the Sporcle.com Mobile Site →
Comments